Delay equations : functional-, complex-, and nonlinear analysis /
Guardado en:
| Otros Autores: | |
|---|---|
| Formato: | Libro |
| Idioma: | English |
| Publicado: |
New York :
Springer-Verlag,
c1995.
|
| Series: | Applied mathematical sciences (Springer-Verlag New York Inc.) ;
v. 110. |
| Materias: | |
| Acceso en línea: | Publisher description |
| Etiquetas: |
Agregar Etiqueta
Sin Etiquetas, Sea el primero en etiquetar este registro!
|
| LEADER | 01024cam a2200253 a 4500 | ||
|---|---|---|---|
| 001 | MAT.inmabb006586 | ||
| 008 | 941101s1995####nyua#####b####001#0#eng## | ||
| 005 | 20130809131533.0 | ||
| 245 | 0 | 0 | |a Delay equations : |b functional-, complex-, and nonlinear analysis / |c Odo Diekmann ... [et al.]. |
| 260 | |a New York : |b Springer-Verlag, |c c1995. | ||
| 300 | |a xi, 534 p. : |b il. ; |c 25 cm. | ||
| 490 | 1 | |a Applied mathematical sciences ; |v v. 110 | |
| 504 | |a Incluye referencias bibliográficas (p. [514]-529) e índice. | ||
| 510 | 4 | |a MR, |c 97a:34001 | |
| 020 | |a 0387944168 (New York) | ||
| 700 | 1 | |a Diekmann, O. | |
| 830 | 0 | |a Applied mathematical sciences (Springer-Verlag New York Inc.) ; |v v. 110. | |
| 650 | 0 | |a Delay differential equations. | |
| 084 | |a 34-02 (34K05 34K20) |2 msc2000 | ||
| 010 | |a 94041858 | ||
| 040 | |a DLC |c DLC |d DLC | ||
| 856 | 4 | 2 | |3 Publisher description |u http://www.loc.gov/catdir/enhancements/fy0815/94041858-d.html |
| 859 | |h 34 |i D559 |p A-8027 |b BIB. MATEMATICA | ||
| 859 | |h 34 |i D559 |p A-8823 |t Ej. 2 |b BIB. MATEMATICA | ||
